| 000 | 00892nam a2200241 a 4500 | ||
|---|---|---|---|
| 005 | 20171117090450.0 | ||
| 008 | 140220b1995 gw abd||r|||| 00| 0 eng d | ||
| 020 | _a3896246011 | ||
| 040 |
_aCO-BoIAVH _cCO-BoIAVH |
||
| 041 | 0 | _aeng | |
| 044 | _agx | ||
| 082 | 0 | 4 |
_a333.95 _bM42b |
| 245 | 0 | 0 |
_aMaterials on the situation of biodiversity in Germany / _ceditado por Schafer, Hans Jurgen |
| 260 |
_aBonn (Alemania) : _bFederal Agency for Nature Conservation, _c1995. |
||
| 300 |
_a128 páginas : _bilustraciones a color, tablas y gráficas ; _c30 x 21 cm. |
||
| 650 | 2 | 6 |
_aBiodiversidad _xVigilancia _zAlemania |
| 650 | 2 | 6 |
_aEcología _zAlemania |
| 650 | 2 | 6 |
_aConservación de la diversidad biológica _zAlemania |
| 650 | 2 | 6 |
_aBiodiversidad _xplanes de acción _zAlemania |
| 662 | _aAlemania | ||
| 700 | 1 |
_aSchafer, Hans Jurgen _eeditor |
|
| 942 |
_cLIBRO _2ddc |
||
| 999 |
_c454 _d454 |
||